Modern wireless communications / (Record no. 212438)

000 -LEADER
fixed length control field 00816 a2200193 4500
003 - CONTROL NUMBER IDENTIFIER
control field Nust
005 - DATE AND TIME OF LATEST TRANSACTION
control field 20241114184649.0
020 ## - INTERNATIONAL STANDARD BOOK NUMBER
International Standard Book Number 0130224723
038 ## - RECORD CONTENT LICENSOR
Staff Name waseem
040 ## - CATALOGING SOURCE
Transcribing agency Nust
082 ## - DEWEY DECIMAL CLASSIFICATION NUMBER
Classification number 621.382,HAY
100 ## - MAIN ENTRY--PERSONAL NAME
Personal name Haykin,Simon
9 (RLIN) 776
245 ## - TITLE STATEMENT
Title Modern wireless communications /
Statement of responsibility, etc. Simon Haykin and Michael Moher
260 ## - PUBLICATION, DISTRIBUTION, ETC.
Place of publication, distribution, etc. NJ
Name of publisher, distributor, etc. Pearson education
Date of publication, distribution, etc. 2011
300 ## - PHYSICAL DESCRIPTION
Extent xvvi,572 p
505 ## - FORMATTED CONTENTS NOTE
Formatted contents note Introduction (Page-1), Propagation and noise (Page-11), Modulation and frequency division multiple access (Page-103), Coding and time division multiple access (Page-179), Spread spectrum and code division multiple access (Page-258), Diversity,capacity and space division multiple access (Page-339), Wireless architectures (Page-450).
650 ## - SUBJECT ADDED ENTRY--TOPICAL TERM
Topical term or geographic name entry element Modern wireless communication
9 (RLIN) 12665
942 ## - ADDED ENTRY ELEMENTS (KOHA)
Source of classification or shelving scheme
Koha item type Book
Holdings
Withdrawn status Lost status Source of classification or shelving scheme Damaged status Not for loan Permanent Location Current Location Shelving location Date acquired Full call number Barcode Date last seen Price effective from Koha item type Public note
          Military College of Signals (MCS) Military College of Signals (MCS) General Stacks 12/12/2016 621.382,HAY MCS37383 12/08/2016 12/12/2016 Book Almirah No.35, Shelf No.3
          Military College of Signals (MCS) Military College of Signals (MCS) General Stacks 12/12/2016 621.382,HAY MCS37384 12/08/2016 12/12/2016 Book Almirah No.35, Shelf No.3
          Military College of Signals (MCS) Military College of Signals (MCS) General Stacks 12/12/2016 621.382,HAY MCS37385 12/08/2016 12/12/2016 Book Almirah No.35, Shelf No.3
© 2023 Central Library, National University of Sciences and Technology. All Rights Reserved.